El buque como objeto de garanta̕ : (consideraciones sobre la hipoteca naval)

Bibliographic Details
Main Author: Garca̕ -Pita y Lastres, Jos ̌Luis
Format: Unknown
Language:Spanish
Published: Madrid : EDERSA, D.L. 2000
Series:Cuadernos mercantiles (Editoriales de Derecho Reunidas)
Subjects:
Online Access:Acceso restringido

MARC

LEADER 00000ny a22000003n 4500
005 20110607114847.0
008 010524s2000 sp s 000 0 spa c
017 |a M40326-2000 
020 |a 8471309831 
035 |a 1596 
040 |a UMA.DER  |d vLex 
040 |a UMA.RE  |d vLex 
080 |a 347.798 
090 |c 523  |d 523 
100 1 |a Garca̕ -Pita y Lastres, Jos ̌Luis 
245 1 3 |a El buque como objeto de garanta̕ :  |b (consideraciones sobre la hipoteca naval)  |h [Recurso electrn̤ico]  |c Jos ̌Luis Garca̕-Pita y Lastres 
256 |a Servicio en ln̕ea 
260 |a Madrid :  |b EDERSA,  |c D.L. 2000 
300 |a 423 p. ;  |c 20 cm 
490 1 |a Cuadernos mercantiles ;  |v 7 
504 |a Referencias bibliogrf̀icas a pie de pg̀ina 
506 1 |a Contenido solo disponible en los productos indicados  |d vLex Global  |d vLex Global (Academic Edition, excluding Law Schools)  |d vLex Global (U.S. Academic Edition, Law Schools)  |d vLex Global (U.S. Academic Edition, excluding Law Schools)  |d vLex Global (Academic Edition, Law Schools) 
650 0 7 |2 Tesauro vLex  |a Hipoteca 
650 0 7 |2 Tesauro vLex  |a Inmobiliario y registral 
650 0 7 |2 Tesauro vLex  |a Hipoteca naval 
650 0 7 |2 Tesauro vLex  |a Juicio sobre hipoteca naval 
740 0 |a vLex Libros (Servicios en ln̕ea) 
830 0 |a Cuadernos mercantiles (Editoriales de Derecho Reunidas) 
856 4 0 |z Acceso restringido  |u http://vlex.com/source/buque-garantia-hipoteca-naval-1596 
942 |c BOOK 
999 0 |a Mortgages  |b Madrid